000 00954nam a2200277 i 4500
003 DO-SdBNP
005 20241009095948.0
007 ta
008 230202b2017 dr a|||| |||| 00| 0 spa d
020 _a9781520354606
040 _aDO-SdBNP
_bspa
_cBNPHU
_erda
082 4 _aRD863.5
_bB142c, 2017
_222
100 1 _aBáez, Rodolfo,
_d1983-
_eautor
_4aut.
_975101
245 1 0 _aCuando mueran los hombres :
_b tesis de grado para optar por el título de dios de materia /
_cRodolfo Báez
264 1 _aSanto Domingo :
_bEl Gato Ediciones,
_c2017.
300 _a101 páginas ;
_c23 cm.
336 _atexto
_btxt
_2rdacontent
337 _asin mediación
_bn
_2rdamedia
338 _avolumen
_bnc
_2rdacarrier
500 _aIncluye datos biográficos del autor en la solapa de la cubierta
590 _aInventariado, 2023/BT
650 7 _aNovela dominicana
_2LEMB
_9223
650 7 _aNovela dominicana
_2LEMB
_9223
910 _aBtavárez
942 _2ddc
_cLBS1
999 _c53119
_d53119